Sociedad y Estado : desplazamientos hacia la función psi /

La sociedad mediante la generación de normas de conducta, produce lo que es anormal y ejerce el control social sobre los individuos, siendo ciertos grupos de poder los encargados de esta tarea. La función psi, como sistema de disciplina, ha de convertirse en una tecnología utilizada por estos grupos...

Full description

Bibliographic Details
Main Author: Plá Caballero, Ignacio
Format: Analitica de revista
Published: Santiago, Chile Universidad Academia de Humanismo Cristiano. Escuela de Educación 2010
Subjects:
Online Access:Disponible en línea (PDF). Biblioteca Digital UAHC

MARC

LEADER 00000cab a2200000 a 4500
001 027302
003 UAHC_CL
005 20210909175940.0
008 100308b2010 cl 000 esp
040 |a UAHC_CL  |c UAHC_CL  |d UAHC_CL 
100 1 |a Plá Caballero, Ignacio 
245 1 0 |a Sociedad y Estado :  |b desplazamientos hacia la función psi /  |c Ignacio Plá Caballero. 
260 |b Universidad Academia de Humanismo Cristiano. Escuela de Educación  |c 2010  |a Santiago, Chile 
300 |a p. 53-59 
500 |a En: Castalia, Revista de psicología de la Academia, nº17, 2010. p. 53-59. ISSN: 07174985. 
500 |a En: Castalia, Revista de psicología de la Academia, nº17, 2010. p. 53-59. ISSN: 07174985. 
520 |a La sociedad mediante la generación de normas de conducta, produce lo que es anormal y ejerce el control social sobre los individuos, siendo ciertos grupos de poder los encargados de esta tarea. La función psi, como sistema de disciplina, ha de convertirse en una tecnología utilizada por estos grupos de poder-saber para el auto gobierno de los sujetos. 
520 |a La sociedad mediante la generación de normas de conducta, produce lo que es anormal y ejerce el control social sobre los individuos, siendo ciertos grupos de poder los encargados de esta tarea. La función psi, como sistema de disciplina, ha de convertirse en una tecnología utilizada por estos grupos de poder-saber para el auto gobierno de los sujetos. 
650 4 |a ESTADO 
650 4 |a SOCIEDAD 
759 |a PP035 
773 0 |t Castalia : Revista de psicología de la Academia.  |w 027192 
856 |u http://bibliotecadigital.academia.cl/xmlui/handle/123456789/2932  |3 Disponible en línea (PDF). Biblioteca Digital UAHC  |y Disponible en línea (PDF). Biblioteca Digital UAHC 
856 |u http://bibliotecadigital.academia.cl/xmlui/handle/123456789/2932  |3 Disponible en línea (PDF). Biblioteca Digital UAHC  |y Disponible en línea (PDF). Biblioteca Digital UAHC 
900 |a CASTALIA-17/10 
942 |c REVA 
952 |0 0  |1 0  |4 0  |6 CASTALIA_17_10_000000000000000  |7 0  |8 General  |9 54568  |a BC  |b BC  |c General  |d 2017-08-03  |l 0  |o CASTALIA-17/10  |p FICTICIO1619  |r 2019-01-08 00:00:00  |t 1  |w 2017-08-03  |y REVA 
999 |c 27302  |d 27302